| 000 | 00583nas a2200205 i 4500 | ||
|---|---|---|---|
| 001 | 1545 | ||
| 003 | ES-MaACL | ||
| 005 | 20250803062528.0 | ||
| 007 | t| | ||
| 008 | 950801c1900 it | | 1 ||ta d | ||
| 245 | 0 | 2 |
_aI nostri contemporanei _b: galleria biografica internazionale di Roma / _cdir. P.C. Teisser. |
| 260 |
_aRoma : _bTip. della Sapienza, _c[190-] |
||
| 300 |
_a8 v. ; _c23 cm. |
||
| 362 | 0 | _a[190-] | |
| 650 | 1 | 7 |
_aHistoria _2embne _9179933 |
| 700 | 1 |
_aTeisser, P.C, _edir. _9194230 |
|
| 852 |
_aES-MaACL _jHem-380 |
||
| 866 | 0 | _o1902-08. | |
| 999 |
_c1545 _d1545 |
||